000 00291nam a22001337a 4500
008 210609b ||||| |||| 00| 0 eng d
041 _aeng
080 _a612.39
082 _a612.39
100 _a10
101 _aNUT
245 _aNutrition for Nursing
_cSherly Sommer
942 _2udc
_cBK
999 _c58081
_d58081